| 000 | 01849cam a2200433 i 4500 | ||
|---|---|---|---|
| 999 |
_c116484 _d116484 |
||
| 001 | 20629182 | ||
| 003 | BJBSDDR | ||
| 005 | 20260114161036.0 | ||
| 006 | a|||||r|||| 00| 0 | ||
| 007 | ta | ||
| 008 | 180303s2018 enka 001 0 eng c | ||
| 010 | _a 2017044932 | ||
| 020 | _a9781907974465 (pbk. : alk. paper) | ||
| 020 | _a1907974466 (pbk. : alk. paper) | ||
| 040 |
_aLBSOR/DLC _beng _cLBSOR _erda _dDLC |
||
| 041 | _aeng | ||
| 042 | _apcc | ||
| 050 | 1 | 4 |
_aLB 1042 _bB982d 2018 |
| 082 | 0 | 0 | _a372.67/7 |
| 100 | 1 |
_aBanerjee, Abhijit V. _q(Abhijit Vinayak), _d1961- _924430 |
|
| 245 | 1 | 0 |
_aDo story : _bhow to tell your story so the world listens / _cBobette Buster. |
| 264 | 1 |
_a[Shoreditch, London] : _bThe Do Book Company, _c2018. |
|
| 300 |
_a130 p. : _billustrations ; _c18 cm. |
||
| 336 |
_atext _btxt _2rdacontent |
||
| 337 |
_aunmediated _bn _2rdamedia |
||
| 338 |
_avolume _bnc _2rdacarrier |
||
| 490 | 0 | _aDo books series | |
| 500 | _aIncludes index. | ||
| 505 | 0 | _aThe craft -- The 10 principles of storytelling -- The tools -- The gleaming detail -- Hand over the spark -- Dare to be vulnerable -- The story behind the story -- Evoke the senses -- So, what's your story? -- Why we need stories. | |
| 520 |
_a"Do Story, part of the Do Books series delivers practical, useful, and encouraging story-telling guidance to help readers shape and structure well-crafted stories"-- _cProvided by the publisher. |
||
| 650 | 0 |
_aStorytelling _vHandbooks, manuals, etc. |
|
| 650 | 4 |
_aArte de contar _vManuales _924841 |
|
| 650 | 4 |
_aNarrativas transmedia _924842 |
|
| 650 | 4 |
_aTiras cómicas, historietas, etc. _915194 |
|
| 830 | 0 |
_924840 _aDo books series |
|
| 906 |
_a7 _bcbc _corignew _d1 _eecip _f20 _gy-gencatlg |
||
| 942 |
_2lcc _cBK |
||